[Event "City of Adelaide"]
[Site "Adelaide"]
[Date "2009.09.01"]
[Round "8.5"]
[White "Ivkovic, Novica"]
[Black "Searle, Zachary"]
[Result "1-0"]
[WhiteElo "1542"]
[BlackElo "1746"]
[PlyCount "81"]
[EventDate "2009.07.14"]
[EventType "swiss"]
[EventRounds "9"]
[EventCountry "AUS"]

1. Nf3 d5 2. d4 Nf6 3. Bf4 Bf5 4. c4 e6 5. Qb3 b6 6. Na3 Be7 7. Nb5 Bd6 8.
Nxd6+ cxd6 9. cxd5 Nxd5 10. Bg3 Nc6 11. Rc1 Rc8 12. Qa4 Qd7 13. e3 Ndb4 14. Bb5
Nd3+ 15. Bxd3 Bxd3 16. Rc3 b5 17. Qd1 Nb4 18. Rxc8+ Qxc8 19. Bxd6 Nc2+ 20. Kd2
Be4 21. Bc5 Qc7 22. b4 a5 23. Qe2 Nxb4 24. Qxb5+ Bc6 25. Qb6 Qxb6 26. Bxb6 Nxa2
27. Bxa5 O-O 28. Ra1 Bd5 29. e4 Bb3 30. Ke3 Rc8 31. Nd2 Rb8 32. Kf4 e5+ 33.
Kxe5 Rb5+ 34. d5 Bxd5 35. exd5 Rxa5 36. Nb3 Ra4 37. Nc5 Ra5 38. Kd4 g6 39. d6
Kg7 40. d7 Ra8 41. Rxa2 1-0

[Event "City of Adelaide"]
[Site "Adelaide"]
[Date "2009.09.01"]
[Round "8.6"]
[White "Anderson-Smith, William"]
[Black "Vuckov, George"]
[Result "1-0"]
[WhiteElo "1551"]
[BlackElo "1237"]
[PlyCount "77"]

1. d4 d5 2. c4 c6 3. Nc3 Nf6 4. Nf3 g6 5. Bf4 Bg7 6. e3 O-O 7. Rc1 Bg4 8. h3
Bxf3 9. Qxf3 Qa5 10. a3 Nbd7 11. Bd3 e6 12. O-O dxc4 13. Bxc4 Nb6 14. Bd3 Nbd5
15. Bh2 Nxc3 16. Rxc3 Nd7 17. Rfc1 a6 18. b4 Qg5 19. Qd1 Qe7 20. Bb1 h5 21. Ba2
Rfe8 22. R3c2 Qg5 23. Bf4 Qe7 24. Bh2 Qg5 25. Kh1 h4 26. Qd2 f5 27. Bc4 Kh7 28.
Rg1 Qf6 29. g4 Nb6 30. gxf5 Nxc4 31. fxg6+ Kh8 32. Rxc4 Qf3+ 33. Rg2 Qxh3 34.
Qe2 Qf5 35. e4 Qb5 36. a4 Qxa4 37. Qh5+ Kg8 38. Qh7+ Kf8 39. Bd6+ 1-0

[Event "City of Adelaide"]
[Site "Adelaide"]
[Date "2009.09.01"]
[Round "8.7"]
[White "Bortsova, Natasha"]
[Black "Staak, Eric"]
[Result "1/2-1/2"]
[WhiteElo "1436"]
[BlackElo "1488"]
[PlyCount "93"]
[EventDate "2009.07.14"]
[EventType "swiss"]
[EventRounds "9"]
[EventCountry "AUS"]

1. d4 d5 2. c4 e5 3. e3 exd4 4. Qxd4 Nf6 5. Nc3 Nc6 6. Qd1 Bb4 7. Bd2 d4 8.
exd4 Nxd4 9. Qa4+ Bd7 10. Qd1 O-O 11. Nf3 Bg4 12. Be2 Bxf3 13. Bxf3 Re8+ 14.
Be3 Bxc3+ 15. bxc3 Nxf3+ 16. Qxf3 Qd3 17. Rc1 Qxc4 18. Qxb7 Ng4 19. Qf3 Rad8
20. Qe2 Nxe3 21. fxe3 Qh4+ 22. g3 Qe4 23. Kf2 h6 24. Rcd1 c5 25. Rxd8 Rxd8 26.
Rd1 Rxd1 27. Qxd1 Qc4 28. Qc2 a5 29. Qb2 Qd3 30. Qb8+ Kh7 31. Qf8 Qd2+ 32. Kf3
Qd5+ 33. e4 Qd3+ 34. Kf4 c4 35. Qc8 Qd2+ 36. Kg4 Qg5+ 37. Kf3 Qh5+ 38. g4 Qh3+
39. Kf4 Qxh2+ 40. Ke3 Qg1+ 41. Kf4 Qf2+ 42. Ke5 f6+ 43. Kd5 Qd2+ 44. Kc5 Qf2+
45. Kd5 Qd2+ 46. Kc5 Qf2+ 47. Kd5 1/2-1/2

[Event "City of Adelaide"]
[Site "Adelaide"]
[Date "2009.09.01"]
[Round "8.8"]
[White "Turcaj, Pavel"]
[Black "Mading, John Thon"]
[Result "1-0"]
[WhiteElo "1530"]
[BlackElo "1412"]
[PlyCount "155"]
[EventDate "2009.07.14"]
[EventType "swiss"]
[EventRounds "9"]
[EventCountry "AUS"]

1. e4 d5 2. exd5 Qxd5 3. Nc3 Qd8 4. d4 Nf6 5. Nf3 c6 6. Bc4 e6 7. O-O Be7 8.
Bf4 Nbd7 9. Re1 Nb6 10. Bb3 Nbd5 11. Nxd5 Nxd5 12. Bg3 O-O 13. c4 Nf6 14. Ne5
g6 15. Qd2 Nh5 16. Rad1 Nxg3 17. hxg3 a5 18. c5 Bf6 19. Qe3 Bg7 20. Ba4 Qc7 21.
Qf4 Qe7 22. Bb3 a4 23. Bc4 Rd8 24. Be2 Bd7 25. Bf3 Be8 26. Re3 Bxe5 27. Qxe5
Qf8 28. Red3 Rab8 29. Qc7 Rdc8 30. Qb6 Qe7 31. Ra3 Ra8 32. Be2 e5 33. Re3 e4
34. Bc4 Kg7 35. f3 Qg5 36. Rxe4 Qxg3 37. Rde1 h5 38. R1e2 Qg5 39. Qb4 Rcb8 40.
Qc3 Qf6 41. Qe1 Kf8 42. Qg3 Rd8 43. Rf4 Qg7 44. Qf2 f5 45. g4 hxg4 46. fxg4 Bd7
47. a3 Re8 48. gxf5 Bxf5 49. Kf1 Rxe2 50. Kxe2 Qf6 51. Bd3 Re8+ 52. Kd2 Qg5 53.
Kc3 Kg7 54. Bc4 Re7 55. Kb4 b5 56. cxb6 Rb7 57. Kc5 Qe7+ 58. Kxc6 Qd7+ 59. Kc5
Rb8 60. d5 Qe7+ 61. Kd4 Qf6+ 62. Ke3 Rxb6 63. Kf3 Rxb2 64. Qd4 Rb3+ 65. Bxb3
axb3 66. Qxf6+ Kxf6 67. Rb4 Bc2 68. Ke3 Ke5 69. Kd2 Kxd5 70. Kc3 Kc5 71. Rb8
Kd5 72. a4 Ke5 73. a5 Kf4 74. a6 g5 75. a7 Be4 76. Rb4 g4 77. a8=Q g3 78. Qxe4+
1-0

[Event "City of Adelaide"]
[Site "Adelaide"]
[Date "2009.09.01"]
[Round "8.9"]
[White "Daenke, Stephen"]
[Black "Lower, Kevin"]
[Result "1-0"]
[WhiteElo "1210"]
[BlackElo "1051"]
[Annotator "Anderson-Smith,W.T."]
[PlyCount "116"]
[EventDate "2009.07.14"]
[EventType "swiss"]
[EventRounds "9"]
[EventCountry "AUS"]

1. d4 Nf6 2. c4 g6 3. Nc3 Bg7 4. e4 d6 5. Be2 O-O 6. Nf3 Nbd7 7. O-O c5 8. d5
Ne8 9. Bf4 Ne5 10. Nxe5 dxe5 11. Be3 b6 12. a3 Nd6 13. b4 cxb4 14. axb4 f5 15.
f3 fxe4 16. Nxe4 Bf5 17. Ng3 e4 18. Bd4 exf3 19. Bxf3 Rc8 20. Bxg7 Kxg7 21.
Qd4+ Kg8 22. Rfc1 a5 23. bxa5 bxa5 24. c5 Nb5 25. Qa4 Nc7 26. Qxa5 Nxd5 27.
Qxd8 Rcxd8 28. Ra7 Nf6 29. Nxf5 gxf5 30. Rxe7 Rf7 31. Rxf7 Kxf7 32. c6 Rc8 33.
Kf2 Ne8 34. Ke3 Rc7 35. Bh5+ Ke7 36. Bxe8 Kxe8 37. Kf4 Kd8 38. Kxf5 Rf7+ 39.
Ke6 Rf2 40. Kd6 Rd2+ 41. Kc5 Kc7 42. Rg1 Rc2+ 43. Kd5 Rxc6 44. g4 Rg6 45. Ke5
Kd7 46. h4 Ke7 47. g5 h6 48. Kf5 Kf7 49. Rc1 Rb6 50. Rc7+ Kg8 51. g6 Rb5+ 52.
Kg4 h5+ 53. Kf4 Rb4+ 54. Kg5 Rb5+ 55. Kh6 Rb8 56. Kxh5 Rf8 57. Kh6 Rd8 58. h5
Re8 $138 1-0

[Event "City of Adelaide"]
[Site "Adelaide"]
[Date "2009.09.01"]
[Round "8.11"]
[White "Fitzpatrick, James"]
[Black "Whitney, Garth"]
[Result "1/2-1/2"]
[WhiteElo "1401"]
[BlackElo "919"]
[PlyCount "73"]
[EventDate "2009.07.14"]
[EventType "swiss"]
[EventRounds "9"]
[EventCountry "AUS"]

1. e4 g6 2. d4 d6 3. Nc3 Bg7 4. Be3 Nf6 5. f3 Nbd7 6. Bc4 O-O 7. Bb3 e5 8. Nge2
exd4 9. Bxd4 c5 10. Be3 Ne5 11. Bd5 Nxd5 12. Qxd5 Qe7 13. O-O-O Rd8 14. Bxc5
Bf8 15. Kb1 Be6 16. Qxe5 Bxa2+ 17. Kxa2 Qxe5 18. Rd5 Qe6 19. Bd4 Qc8 20. b3 a5
21. Bb6 Re8 22. h4 Re5 23. h5 Rxd5 24. exd5 a4 25. hxg6 axb3+ 26. Kxb3 fxg6 27.
Rh4 Ra6 28. Na4 Qf5 29. Nec3 Bg7 30. Rc4 Bxc3 31. Kxc3 Qf6+ 32. Bd4 Qf5 33. Nb6
Qg5 34. Rc8+ Kf7 35. Rc7+ Ke8 36. Rc8+ Ke7 37. Rc7+ 1/2-1/2

[Event "City of Adelaide"]
[Site "Adelaide"]
[Date "2009.09.08"]
[Round "9.1"]
[White "Mdinaradze, Edgar"]
[Black "Anderson-Smith, William"]
[Result "1/2-1/2"]
[WhiteElo "1853"]
[BlackElo "1551"]
[PlyCount "89"]
[EventDate "2009.07.14"]
[EventType "swiss"]
[EventRounds "9"]
[EventCountry "AUS"]

1. Nf3 e6 2. c4 d5 3. e3 Nf6 4. Nc3 c5 5. cxd5 exd5 6. d4 Nc6 7. Bb5 a6 8.
Bxc6+ bxc6 9. Ne5 Qc7 10. O-O Bd6 11. f4 O-O 12. b3 cxd4 13. exd4 c5 14. Be3
Bb7 15. Rc1 cxd4 16. Bxd4 Rac8 17. Na4 Qxc1 18. Qxc1 Rxc1 19. Rxc1 Rc8 20.
Rxc8+ Bxc8 21. Kf1 Ne4 22. Ke2 f6 23. Nd3 Bg4+ 24. Ke1 Kf7 25. g3 Bf5 26. Ke2
Bg4+ 27. Ke3 Ba3 28. Nb6 Ke6 29. Na4 Kd6 30. Nc3 Bf5 31. Nb1 Bc5 32. b4 Bxd4+
33. Kxd4 Kc6 34. a4 Nd6 35. Nc3 Be6 36. Nc5 Nf5+ 37. Kd3 Bc8 38. Nb3 Ne7 39.
Ne2 Bf5+ 40. Ke3 Kd6 41. Ned4 Bd7 42. Nc5 Bc8 43. Ncb3 Bd7 44. b5 axb5 45. axb5
1/2-1/2

[Event "City of Adelaide"]
[Site "Adelaide"]
[Date "2009.09.08"]
[Round "9.2"]
[White "Kerr, Bill"]
[Black "Thiyagarajah, Anand"]
[Result "1-0"]
[WhiteElo "1894"]
[BlackElo "1764"]
[PlyCount "51"]
[EventDate "2009.07.14"]
[EventType "swiss"]
[EventRounds "9"]
[EventCountry "AUS"]

1. f4 e5 2. e4 exf4 3. Be2 Qh4+ 4. Kf1 Nc6 5. Nf3 Qf6 6. d4 d6 7. Nc3 g5 8. Nd5
Qd8 9. Nxg5 Qxg5 10. Nxc7+ Kd8 11. Nxa8 Bg7 12. c3 Nf6 13. Bf3 Ng4 14. h4 Qg6
15. Bxf4 h5 16. b4 Bh6 17. Qd2 f5 18. e5 Bxf4 19. Qxf4 dxe5 20. dxe5 Qe6 21.
Rh3 Ncxe5 22. Bxg4 fxg4 23. Qg5+ Kd7 24. Rd1+ Kc6 25. b5+ Kxb5 26. Nc7+ 1-0

[Event "City of Adelaide"]
[Site "Adelaide"]
[Date "2009.09.08"]
[Round "9.3"]
[White "Juszczynski, Mathew"]
[Black "Ivkovic, Novica"]
[Result "1-0"]
[WhiteElo "1872"]
[BlackElo "1542"]
[PlyCount "53"]
[EventDate "2009.07.14"]
[EventType "swiss"]
[EventRounds "9"]
[EventCountry "AUS"]

1. e4 d5 2. exd5 Qxd5 3. Nc3 Qd6 4. d4 c6 5. Bc4 Qg6 6. Nf3 e6 7. O-O Qh5 8.
Re1 h6 9. d5 Bb4 10. dxe6 f6 11. Ne4 b6 12. Bf4 a5 13. Bc7 Be7 14. Nd6+ Kf8 15.
Nxc8 b5 16. Nxe7 Nxe7 17. Be2 Qe8 18. Nh4 h5 19. Bd6 Kg8 20. Bxe7 Qxe7 21. Ng6
Qc7 22. Nxh8 Kxh8 23. Bxh5 Na6 24. e7 a4 25. e8=Q+ Kh7 26. Qd3+ g6 27. Qdxg6#
1-0

[Event "City of Adelaide"]
[Site "Adelaide"]
[Date "2009.09.08"]
[Round "9.4"]
[White "Cloudsdale, Colin"]
[Black "Turcaj, Pavel"]
[Result "1/2-1/2"]
[WhiteElo "1928"]
[BlackElo "1530"]
[PlyCount "76"]
[EventDate "2009.07.14"]
[EventType "swiss"]
[EventRounds "9"]
[EventCountry "AUS"]

1. e4 c5 2. Nf3 Nc6 3. d4 cxd4 4. Nxd4 Nf6 5. Nc3 g6 6. Be3 Bg7 7. f3 O-O 8. g4
Qb6 9. Nf5 Qxb2 10. Na4 Qb4+ 11. c3 Qa5 12. Nxg7 Kxg7 13. Rb1 d6 14. h4 Kg8 15.
h5 a6 16. Nb6 Rb8 17. Qd2 Ne5 18. Be2 Bd7 19. Nd5 Nxd5 20. exd5 b5 21. Bd4 f6
22. Qh6 Nf7 23. Qe3 Ne5 24. Bxe5 dxe5 25. hxg6 hxg6 26. Qh6 Qxc3+ 27. Kf1 Kf7
28. Rc1 Qb4 29. Qh7+ Ke8 30. Qxg6+ Kd8 31. Qg7 Re8 32. Rh7 Qd2 33. Rd1 Qg5 34.
Qf7 Qg8 35. Qh5 Rb6 36. Qh6 Rd6 37. Rg7 Qh8 38. Rh7 Qg8 1/2-1/2

[Event "City of Adelaide"]
[Site "Adelaide"]
[Date "2009.09.08"]
[Round "9.5"]
[White "Shohani, Ammar"]
[Black "Paprzycki, Eryk"]
[Result "1-0"]
[WhiteElo "1522"]
[BlackElo "1556"]
[PlyCount "57"]
[EventDate "2009.07.14"]
[EventType "swiss"]
[EventRounds "9"]
[EventCountry "AUS"]

1. c4 Nf6 2. Nc3 g6 3. d3 Bg7 4. e4 d6 5. h3 c5 6. f4 Nc6 7. Nf3 Nh5 8. g4 Ng3
9. Rg1 Nxf1 10. Rxf1 h5 11. f5 Ne5 12. Nxe5 Bxe5 13. Qf3 hxg4 14. hxg4 gxf5 15.
Bd2 Bd7 16. O-O-O Qb6 17. exf5 O-O-O 18. Rde1 Bc6 19. Qe2 Qa5 20. Kb1 Qb6 21.
Qd1 Rh2 22. Qc2 Rdh8 23. Nd1 R8h3 24. g5 Rg3 25. g6 fxg6 26. fxg6 Rgg2 27. Rf8+
Kd7 28. d4 Rxd2 29. Qf5+ 1-0

[Event "City of Adelaide"]
[Site "Adelaide"]
[Date "2009.09.08"]
[Round "9.6"]
[White "Haydn, Gavin"]
[Black "Daenke, Stephen"]
[Result "1-0"]
[WhiteElo "1464"]
[BlackElo "1210"]
[PlyCount "73"]
[EventDate "2009.07.14"]
[EventType "swiss"]
[EventRounds "9"]
[EventCountry "AUS"]

1. d4 Nf6 2. c4 e6 3. Nc3 Bb4 4. Qc2 Nc6 5. Nf3 d6 6. Bd2 O-O 7. a3 Bxc3 8.
Bxc3 Qe7 9. O-O-O e5 10. d5 Nb8 11. e4 a5 12. h3 Nbd7 13. g4 Nc5 14. Nd2 Bd7
15. Bg2 b5 16. b4 axb4 17. Bxb4 Na6 18. Bc3 bxc4 19. Nxc4 Nc5 20. Rde1 Rfb8 21.
Bb4 Ba4 22. Qc3 Nb3+ 23. Kb2 Nd7 24. f4 exf4 25. e5 Qh4 26. Rhf1 Ndc5 27. exd6
cxd6 28. Nxd6 Qg3 29. Qxg3 fxg3 30. Re3 f6 31. Nf5 Re8 32. Rfe1 Nd3+ 33. Rxd3
Rxe1 34. Bxe1 Re8 35. Re3 Rxe3 36. Nxe3 Nd4 37. Bxg3 1-0

[Event "City of Adelaide"]
[Site "Adelaide"]
[Date "2009.09.08"]
[Round "9.7"]
[White "Searle, Zachary"]
[Black "Bortsova, Natasha"]
[Result "1-0"]
[WhiteElo "1746"]
[BlackElo "1436"]
[PlyCount "41"]

1. e4 d6 2. d4 Nf6 3. Nc3 g6 4. f4 Bg4 5. Nf3 Bg7 6. Bc4 a6 7. a4 c6 8. Bb3 b5
9. axb5 cxb5 10. e5 dxe5 11. fxe5 Nfd7 12. Bxf7+ Kxf7 13. Ng5+ Ke8 14. Qxg4 Qb6
15. Ne6 Rg8 16. Nd5 Qc6 17. Ndc7+ Kf7 18. d5 Qxc2 19. Ng5+ Kf8 20. Nxh7+ Kf7
21. e6# 1-0

[Event "City of Adelaide"]
[Site "Adelaide"]
[Date "2009.09.08"]
[Round "9.8"]
[White "Staak, Eric"]
[Black "Atrens, Karlis"]
[Result "1-0"]
[WhiteElo "1488"]
[BlackElo "1085"]
[PlyCount "75"]
[EventDate "2009.07.14"]
[EventType "swiss"]
[EventRounds "9"]
[EventCountry "AUS"]

1. e4 c6 2. Nc3 d5 3. Nf3 dxe4 4. Nxe4 Bg4 5. h3 Bh5 6. g4 Bg6 7. Ng3 h6 8. Bg2
Nd7 9. d4 e6 10. c3 Ngf6 11. Qe2 Be7 12. a3 O-O 13. g5 hxg5 14. Nxg5 Qa5 15. h4
Nd5 16. Bd2 Bxg5 17. hxg5 Qc7 18. Be4 f5 19. gxf6 Rxf6 20. Bg5 Bxe4 21. Qxe4
Raf8 22. Bxf6 Rxf6 23. O-O-O Rxf2 24. Qxe6+ Rf7 25. Rdf1 Nf8 26. Qxf7+ Qxf7 27.
Rh8+ Kxh8 28. Rxf7 Ne6 29. Rxb7 a6 30. Kd2 Kh7 31. Nf5 Kg6 32. Ne7+ Nxe7 33.
Rxe7 Kf6 34. Ra7 g5 35. Rxa6 g4 36. Rxc6 Kf5 37. Rxe6 Kxe6 38. Ke2 1-0

[Event "City of Adelaide"]
[Site "Adelaide"]
[Date "2009.09.08"]
[Round "9.10"]
[White "Mading, John Thon"]
[Black "Fitzpatrick, James"]
[Result "0-1"]
[WhiteElo "1412"]
[BlackElo "1401"]
[PlyCount "100"]
[EventDate "2009.07.14"]
[EventType "swiss"]
[EventRounds "9"]
[EventCountry "AUS"]

1. d4 Nf6 2. Nf3 g6 3. c3 d6 4. Bg5 Bg7 5. Nbd2 O-O 6. Qc2 Nbd7 7. e4 e5 8.
dxe5 dxe5 9. h4 h6 10. Bxf6 Nxf6 11. O-O-O Qe8 12. Nc4 Bg4 13. Ne3 h5 14. Kb1
Bd7 15. Bc4 Nxe4 16. Qxe4 b5 17. Bb3 c5 18. Bc2 Bc6 19. Nd5 Rc8 20. Qe1 f6 21.
Ne3 a5 22. Rg1 e4 23. Nh2 f5 24. Qe2 b4 25. g3 bxc3 26. b3 Kh8 27. Rd6 a4 28.
Rgd1 axb3 29. Bxb3 Rb8 30. Rxc6 Qxc6 31. Kc2 Rfd8 32. Qc4 Rxd1 33. Nxd1 e3 34.
Nxe3 Rd8 35. Nhf1 Qf3 36. Kb1 Qxf2 37. Bc2 Qe1+ 38. Bd1 Rb8+ 39. Kc1 Bh6 40.
Qe2 Qxe2 41. Bxe2 Rb2 42. Bc4 f4 43. gxf4 Bxf4 44. Kd1 Bxe3 45. Nxe3 Rh2 46.
Bd3 Rd2+ 47. Kc1 Rxd3 48. Nd1 Rh3 49. Kc2 Rxh4 50. Kxc3 Ra4 0-1

[Event "City of Adelaide"]
[Site "Adelaide"]
[Date "2009.09.08"]
[Round "9.11"]
[White "Lower, Kevin"]
[Black "Glascott, Brent"]
[Result "0-1"]
[WhiteElo "1051"]
[BlackElo "1215"]
[PlyCount "129"]

1. c4 e6 2. Nc3 Nc6 3. g3 Nf6 4. Bg2 Bc5 5. Nf3 O-O 6. a3 d5 7. cxd5 exd5 8. b4
Be7 9. d3 d4 10. Nb1 a6 11. Nfd2 Ne5 12. Nb3 Nc6 13. O-O Ne8 14. Bb2 Bf6 15.
N1d2 g6 16. Bxc6 bxc6 17. Nf3 Bh3 18. Re1 Ng7 19. Rc1 Qd6 20. Bxd4 Nf5 21. Bc5
Qe6 22. Bxf8 Kxf8 23. Nc5 Qe7 24. e4 Nd4 25. Nxd4 Bxd4 26. Qf3 Qg5 27. Qf4 Qh5
28. e5 Bxc5 29. Rxc5 Bf5 30. e6 fxe6 31. g4 Qxg4+ 32. Qxg4 Bxg4 33. Rxe6 Bxe6
34. Rxc6 Bf5 35. Rxc7 h5 36. h4 Bxd3 37. Rd7 Bb5 38. Rd6 Kg7 39. f4 Re8 40. Kf2
Re2+ 41. Kf3 Ra2 42. Rd4 Rxa3+ 43. Kg2 Be2 44. Rd7+ Kf6 45. Rd2 Bg4 46. Rb2 Kf5
47. b5 axb5 48. Rxb5+ Kxf4 49. Rb4+ Kf5 50. Rb5+ Kf6 51. Rb6+ Be6 52. Rd6 Ra4
53. Kg3 Rg4+ 54. Kf3 Rxh4 55. Rb6 g5 56. Kg3 Rd4 57. Rb2 Rd3+ 58. Kh2 Ke5 59.
Re2+ Kd5 60. Rb2 Kc5 61. Re2 Kd5 62. Ra2 Ke4 63. Ra5 Bd5 64. Ra4+ Kf3 65. Ra7
0-1